000 00348nam a2200145Ia 4500
008 230711s9999||||xx |||||||||||||| ||und||
041 _aENG
082 _a720
_bNE-N
100 _aNeufert,Ernst
245 0 _aNeufert architects data
250 _a2nd
260 _c1980
_aNew York
_bButterworth-Heinemann Ltd
650 _aArchitecture
942 _cBK
999 _c2546
_d2546